| 000 | 00903nam a22003137a 4500 | ||
|---|---|---|---|
| 001 | 0002122 | ||
| 003 | KOHA_MİRAKIL | ||
| 005 | 20260207001304.0 | ||
| 007 | ta | ||
| 008 | 090216b2007 tu |||gr||||#0|||e|tur | | ||
| 020 | _a9789944598064 | ||
| 040 |
_aTR-BiSEU _btur _cTR-BiSEU _erda |
||
| 041 | 0 | _atur | |
| 044 | _ctu | ||
| 050 |
_aPL243.M46 _bO68 2007 |
||
| 100 | 1 | _aMengüşoğlu, Metin Önal. | |
| 245 | 1 |
_aÖptüm kara gözlerinden/ _cMetin Önal Mengüşoğlu ; Metin Önal Mengüşoğlu. |
|
| 264 | 1 |
_aİstanbul : _bArtus _c2007 |
|
| 336 |
_ametin _btxt _2rdacontent |
||
| 337 |
_aaracısız _bn _2rdamedia |
||
| 338 |
_acilt _bnc _2rdacarrier |
||
| 490 | 1 |
_aArtus Kitap ; _v6. |
|
| 490 | 1 |
_aEdebiyat Dizisi ; _v3. |
|
| 650 | 0 |
_aDeneme Türk Edebiyatı. _96279 |
|
| 830 | 1 |
_aArtus Kitap ; _v6. _96291 |
|
| 830 | 1 |
_aEdebiyat Dizisi ; _v3. _96281 |
|
| 907 | _aDeneme | ||
| 942 |
_2lcc _cBK |
||
| 999 |
_c2109 _d2109 |
||